| 000 | 00860nam a2200229 a 4500 | ||
|---|---|---|---|
| 001 | 52772 | ||
| 003 | BD-RjUL | ||
| 005 | 20211209075846.0 | ||
| 008 | 160926s1961 bg |||| ||| 000 0 ben d | ||
| 020 | _c: Tk. 1.25 | ||
| 035 | _a(BD-RjUL)52892 | ||
| 040 |
_aBD-RjUL _bben _cBD-RjUL |
||
| 041 | _aben | ||
| 082 |
_223 _a891.44109 _bSAP 1961 |
||
| 100 | 1 |
_aসাক্ লায়েন, গোলাম _9157807 |
|
| 245 | 1 | 0 |
_aফকির গরীবুল্লাহ / _cগোলাম সাক্ লায়েন |
| 260 |
_aঢাকা _bবাংলা একাডেমী, _c১৯৬১ [১৩৬৮] |
||
| 300 |
_a[৭] ৬৬ পৃ. _c২২ সেমি. |
||
| 650 |
_aবাংলা কবিতা _xইতিহাস সমালোচনা _9157808 |
||
| 650 |
_aBengali poetry _xHistory and criticism _9157809 |
||
| 942 |
_2ddc _cBK |
||
| 999 |
_c52772 _d52772 |
||